Widok standardowy
Widok MARC
Pozycja Corporate Name
Liczba rekordów, w których użyto hasła: 1
001 - Numer kontrolny
- control field: 37573
003 - Identyfikator numeru kontrolnego
- control field: NUKAT
005 - Data i czas ostatniej modyfikacji
- control field: 20260305134519.0
008 - Dane kontrolne kodowane (40 znaków)
- fixed length control field: 260305n||a|znnaabn |a ana |c
010 ## - Numer kontrolny Biblioteki Kongresu
- numer kontrolny LC: n 2026042455
040 ## - Instytucja sporządzająca rekord
- inst. przygot. dane do rek. khw: OLSZT 008/bak
- język haseł przedmiotowych/tezaurus: kaba
- inst. wprow. rek. khw: OLSZT 008/bak
043 ## - Kod obszaru geograficznego
- ISO code: PL
046 ## - Special dates
- Start period: 1992
- End period: 2010
110 2# - Hasło - nazwa ciała zbiorowego
- nazwa ciała zbior. lub geogr. na pocz.: Polskie Towarzystwo Czytelnicze.
- nazwa jednostki podrzędnej: Oddział (Olsztyn).
368 ## - Other Attributes
- Corp type: Organizacje kulturalne
370 ## - Associated place
- Country: Polska
370 ## - Associated place
- Residence/HQ: Olsztyn (woj. warmińsko-mazurskie)
372 ## - Field of activity
- Field: Czytelnictwo
372 ## - Field of activity
- Field: Edytorstwo
377 ## - Assoc lang
- Lang code: pol
410 2# - Trop zob. - nazwa ciała zbiorowego
- nazwa ciała zbior. lub geogr. na pocz.: Towarzystwo Czytelnicze Oddział w Olsztynie.
410 2# - Trop zob. - nazwa ciała zbiorowego
- nazwa ciała zbior. lub geogr. na pocz.: Oddział Wojewódzki w Olsztynie Polskiego Towarzystwa Czytelniczego.
410 2# - Trop zob. - nazwa ciała zbiorowego
- nazwa ciała zbior. lub geogr. na pocz.: Olsztyński Oddział Polskiego Towarzystwa Czytelniczego.
665 ## - Nota historyczna
- nota historyczna: Olsztyński Oddział Polskiego Towarzystwa Czytelniczego działał przy Wojewódzkiej Bibliotece Publicznej w l. 1992-2010.
670 ## - Źródło informacji
- źródło informacji: Muzyka ojczystych drzew / Henryk Syska. - Olsztyn, cop. 2000.
- gdzie znaleziono informację: Wyd., s. 4: (Towarzystwo Czytelnicze Oddział w Olsztynie), 4 s. okł.: (Polskie Towarzystwo Czytelnicze. Oddział w Olsztynie)
670 ## - Źródło informacji
- źródło informacji: 60 stron Wojewódzkiej Biblioteki Publicznej im. Emilii Sukertowej-Biedrawiny w Olsztynie, 05.03.2026
- adres internetowy: https://www.wbp.olsztyn.pl/wp-content/uploads/2020/05/978-83-932540-0-2.pdf